000 00701nam a2200253Ia 4500
003 OSt
005 20220928131213.0
006 a|||||r|||| 00| 0
007 ta
008 220927b |||||||| |||| 00| 0 eng d
024 _a67673
037 _cTextual
040 _aSDCL
_cSDCL
_beng
041 _2eng
_aeng
082 _aO-:gN, P4
100 _aGoldman Jane
_9444768
245 0 _aModernism 1910-1945
_b Images to apocalypse
260 _aNew York
_b Palgrave Macmillan
_c2004
300 _axxiv,312p
_ccm.
490 _aTransitions
650 _aEnglish Literature-Twentieth Century-Criticism
942 _hO-:gN, P4
_cTEXL
_2CC
999 _c789924
_d789924